000
00180 a2200097 4500
020
_a
9681913345
041
_a
spa
100
_a
Johnson. Spencer
245
_a
El presente
942
_c
BK
999
_c
2476
_d
2476